Theory of Alternating current machinery (Record no. 11879)

MARC details
000 -LEADER
fixed length control field 00484nam a2200217Ia 4500
001 - CONTROL NUMBER
control field 110574
003 - CONTROL NUMBER IDENTIFIER
control field YMCAF
005 - DATE AND TIME OF LATEST TRANSACTION
control field 20230512162421.0
008 - FIXED-LENGTH DATA ELEMENTS--GENERAL INFORMATION
fixed length control field 100717s2003 ||||||||||||||||| ||und|d
024 ## - OTHER STANDARD IDENTIFIER
Standard number or code 110574
035 ## - SYSTEM CONTROL NUMBER
System control number WB1561
040 ## - CATALOGING SOURCE
Original cataloging agency YMCAF
Language of cataloging eng
Transcribing agency IN-KoLT
041 ## - LANGUAGE CODE
Language code of text/sound track or separate title eng
082 ## - DEWEY DECIMAL CLASSIFICATION NUMBER
Classification number 621.313
Item number 3 LAN
100 ## - MAIN ENTRY--PERSONAL NAME
Personal name Langsdorf, A S
245 #0 - TITLE STATEMENT
Title Theory of Alternating current machinery
250 ## - EDITION STATEMENT
Edition statement 2nd
260 ## - PUBLICATION, DISTRIBUTION, ETC.
Name of publisher, distributor, etc. TMH
Date of publication, distribution, etc. 2003
300 ## - PHYSICAL DESCRIPTION
Extent 666
942 ## - ADDED ENTRY ELEMENTS (KOHA)
Source of classification or shelving scheme Dewey Decimal Classification
Koha item type Books
Holdings
Withdrawn status Lost status Damaged status Not for loan Home library Current library Date acquired Cost, normal purchase price Total Checkouts Barcode Date last seen Cost, replacement price Price effective from Koha item type Public note G
        JC Bose University of Science & Technology JC Bose University of Science & Technology 17/07/2010 250.00   WB1561 12/05/2023 250.00 12/05/2023 Books C 601310